Mundo sin fin

Uloženo v:
Podrobná bibliografie
Hlavní autor: Plessix Gray, Francois Du
Médium: Kniha
Jazyk:Undetermined
Vydáno: Buenos Aires, Argentina Sudamericana 1985
Témata:
Tagy: Přidat tag
Žádné tagy, Buďte první, kdo vytvoří štítek k tomuto záznamu!

MARC

LEADER 00000nam a2200000Ia 4500
008 170316s9999 xx 000 0 und d
090 |a 810 P-14m 
100 |a Plessix Gray, Francois Du 
245 |a Mundo sin fin 
260 |a Buenos Aires, Argentina 
260 |b Sudamericana 
260 |c 1985 
300 |a 272 páginas 
650 |a LITERATURA ESTADOUNIDENSE 
999 |c 6008  |d 6008 
040 |a cru BVZT 
942 |c 15 D  |h 810 P-14m  |2 z